Deutsche Literatur in Epochen
Guardado en:
| Autor principal: | |
|---|---|
| Otros Autores: | , |
| Formato: | Libro |
| Lenguaje: | alemán |
| Publicado: |
Bratislava
Z-F LINGUA
2013
|
| Edición: | 1. vyd. |
| Materias: | |
| Etiquetas: |
Sin Etiquetas, Sea el primero en etiquetar este registro!
|
MARC
| LEADER | 00000nlm a2200000 4500 | ||
|---|---|---|---|
| 001 | 0179730 | ||
| 005 | 20240514072652.5 | ||
| 020 | |a 978-80-89328-89-5 | ||
| 041 | 0 | |a ger | |
| 044 | |a SK | ||
| 245 | 1 | 0 | |a Deutsche Literatur in Epochen |c Silvia Adamcová ; recenzenti Lívia Adamcová, Zuzana Kočišová |
| 250 | |a 1. vyd. | ||
| 264 | 1 | |a Bratislava |b Z-F LINGUA |c 2013 | |
| 300 | |a CD-ROM [140 s., 7 AH] | ||
| 610 | 2 | 0 | |a literatúra |
| 610 | 2 | 0 | |a nemčina |
| 610 | 2 | 0 | |a jazyky cudzie |
| 100 | 1 | |a Adamcová, Silvia, 1984- | |
| 700 | 1 | |a Adamcová, Lívia | |
| 700 | 1 | |a Kočišová, Zuzana, 1956- | |